00686 a2200181 4500003000500000005001700005040000900022082001200031100001700043245003700060260003200097300001000129505018500139538002900324942001200353999001900365952012000384Nust20170207154103.0 cNust a070,BAR aErik Barnouw aMass communicationcErik Barnouw aAmericabErik Barnouwc1956 a280;p aThe History Of Mass Communication (Page-1), The Psycology Of Mass Communication (Page-49), The Media Of Mass Communication (Page-99), The Sponsors Of Mass Communication (Page-201)  aAlmirah No.47 Shelf No.1 2ddccBK c193656d193656 00102ddc4070aMCSbMCScGENd2016-12-12o070,BARpMCS7249r2016-12-08w2016-12-12yBKzAlmirah No.81, Shelf No.5